Representing israel in modern egypt : (Record no. 14098)

000 -LEADER
fixed length control field 01823nam a2200277 a 4500
001 - CONTROL NUMBER
control field ASIN1848854609
005 - DATE AND TIME OF LATEST TRANSACTION
control field 20170105102847.0
008 - FIXED-LENGTH DATA ELEMENTS--GENERAL INFORMATION
fixed length control field 130816s2012 xxu eng d
020 ## - INTERNATIONAL STANDARD BOOK NUMBER
International Standard Book Number 1848854609 (hardcover)
Terms of availability $98.50
020 ## - INTERNATIONAL STANDARD BOOK NUMBER
International Standard Book Number 9781848854604 (hardcover)
040 ## - CATALOGING SOURCE
Original cataloging agency 0
050 04 - LIBRARY OF CONGRESS CALL NUMBER
Classification number DT82.5.I7
082 04 - DEWEY DECIMAL CLASSIFICATION NUMBER
Classification number 962.053
100 1# - MAIN ENTRY--PERSONAL NAME
Personal name Stein, Ewan.
245 10 - TITLE STATEMENT
Title Representing israel in modern egypt :
Remainder of title ideas, intellectuals and foreign policy from nasser to mubarak /
Statement of responsibility, etc. Ewan Stein.
260 ## - PUBLICATION, DISTRIBUTION, ETC.
Place of publication, distribution, etc. [S.l.] :
Name of publisher, distributor, etc. I. B. Tauris,
Date of publication, distribution, etc. 2012.
300 ## - PHYSICAL DESCRIPTION
Extent 320 p. ;
Dimensions 22 cm.
490 1# - SERIES STATEMENT
Series statement Library of modern middle east studies.
520 ## - SUMMARY, ETC.
Summary, etc. From the heady days of Nasser's Arab nationalism to the cold peace of the Mubarak era, the idea and reality of Israel has occupied a central position in Egyptian politics. Ewan Stein seeks to explain and historicize the state of "no war, no peace" that followed the 1979 Camp David Accords, examining the way in which domestic factors interact with global and regional shifts to shape attitudes to Israel in the Arab world's most populous country. Incorporating the writings of prominent political thinkers, this book looks at how approaches to Israel have been elaborated through broader ideologies - in particular liberal nationalism, Marxism, and Islamism. It argues that representations of Israel have reflected Egyptian conceptions of self. This book provides original and nuanced insights into the relationships between state, society, and foreign policy within the context of Egyptian nationalism and broader regional politics.
650 #0 - SUBJECT ADDED ENTRY--TOPICAL TERM
Topical term or geographic name entry element Egypt
650 #0 - SUBJECT ADDED ENTRY--TOPICAL TERM
Topical term or geographic name entry element International relations
650 #0 - SUBJECT ADDED ENTRY--TOPICAL TERM
Topical term or geographic name entry element Israel
830 #0 - SERIES ADDED ENTRY--UNIFORM TITLE
Uniform title Library of modern middle east studies.
856 40 - ELECTRONIC LOCATION AND ACCESS
Materials specified Amazon.com
Uniform Resource Identifier <a href="http://www.amazon.com/exec/obidos/ASIN/1848854609/chopaconline-20">http://www.amazon.com/exec/obidos/ASIN/1848854609/chopaconline-20</a>
942 ## - ADDED ENTRY ELEMENTS (KOHA)
Source of classification or shelving scheme
Koha item type Book
Holdings
Withdrawn status Lost status Damaged status Not for loan Collection code Permanent Location Current Location Shelving location Date acquired Total Checkouts Full call number Barcode Date last seen Price effective from Koha item type
          Centre for International Peace & Stability (CIPS) Centre for International Peace & Stability (CIPS) General Stacks 08/16/2013   962.053 STE 2012 CIPS0000290 08/16/2013 08/16/2013 Book
© 2023 Central Library, National University of Sciences and Technology. All Rights Reserved.